Feat rap français - Mort subite - Statistiques

Statistiques générales
  • Ce quiz a été pris 477 fois
  • Le résultat moyen est 5 sur 10
Answers on the Grid
Answers color-coded by a green-red scale on the quiz's grid according to % correct below.
Madrina
Portes Suicides
Luz de Luna
TOUTE LA JOURNÉE
Papers
FLEURS
Nocif
Nos souvenirs
Escorte
Titulaires
Tes parents
Codéine 19
All eyes on me
Nouvelles
Mr. Ocho
Sourire
Tu connais
UNE HISTOIRE ÉTRANGE
Murder
Putana
 
Statistiques - réponses
Réponse % Correct
Madrina
65%
Papers
64%
Tes parents
64%
FLEURS
54%
TOUTE LA JOURNÉE
50%
Nocif
41%
Escorte
36%
Titulaires
35%
Nos souvenirs
26%
Portes Suicides
24%
Aucun quiz correspondant
Distribution des résultats
% des personnes avec chaque résultat
Percentile par nombre de réponses
Votre historique - résultats
Vous n’avez pas pris ce quiz